| 000 | 00333nab a22001097u 4500 | ||
|---|---|---|---|
| 008 | 130520b2003 xxu||||| |||| 00| 0 spa d | ||
| 041 | _aspa | ||
| 100 | 1 |
_aSobrino, Jon _94042 |
|
| 245 | 0 | 0 |
_aLos mártires: Interpelación para la Iglesia _cJon Sobrino |
| 773 | 0 |
_tConcilium _gnº299,2003,págs. 159-170 _x0210-1041 _wRev134 |
|
| 942 | _cAR | ||
| 999 |
_c362599 _d362599 |
||